| 000 | 00518nam a2200193Ia 4500 | ||
|---|---|---|---|
| 003 | GCL | ||
| 008 | 140319s9999 xx 000 0 eng d | ||
| 040 |
_aGCL / _cGCL |
||
| 082 | 0 | 4 |
_a338.2728 _bW E |
| 100 | 1 | _aAGNIHOTRI, A.K. | |
| 245 | 1 | 0 |
_aENVIRONMENTAL MANAGEMENT PETROLEUM INDUSTRY / _cAGNIHOTRI, A.K. |
| 700 | 1 | _aSHARMA, J.S. | |
| 700 | 1 | _aWAHI, S.K | |
| 260 |
_a[S.N] : _bWILEY EASTERN LIMITED ، _c1992 |
||
| 300 | _a624 P | ||
| 650 | 0 | 4 | _aENVIRONMENT |
| 650 | 0 | 4 | _aPETROLEUM - INDUSTRY |
| 942 |
_2ddc _cBK |
||
| 999 |
_c20449 _d20449 |
||